000
00234nam a22000977a 4500
999
_c
15952
_d
15952
003
OSt
008
191024b ||||| |||| 00| 0 eng d
100
_a
Kammath,S K R.
_9
4425
245
_a
Avan manushyanai Jeevikan Agrahikunnu
942
_c
BK